| 000 | 01076nam a2200229Ia 4500 | ||
|---|---|---|---|
| 999 |
_c40825 _d40825 |
||
| 001 | 7465 | ||
| 003 | GE_BSU | ||
| 005 | 20231208164557.0 | ||
| 008 | 181216s1989||||ge |||||||||||||| ||geo|| | ||
| 040 | _cGE_BSU | ||
| 041 | _ageo | ||
| 080 | _a821.353.1-311.6 დ–26 | ||
| 100 |
_aდგებუაძე–ფულარია, ფუცუ _920637 |
||
| 245 |
_aოქროს ბეჭედი : _bისტორ. რომანი / _cფუცუ დგებუაძე–ფულარია ; შემდგ. გურამ გვერდწითელი ; გურამ ფანჯიკიძე ; რედ. გენო კალანდია. |
||
| 250 | _aქართული საბჭოთა რომანი | ||
| 264 |
_aთბილისი : _bმერანი, _c1989. |
||
| 300 |
_a430 გვ. ; _c22 სმ |
||
| 653 | _aისტორიული რომანი | ||
| 653 | _aოქროს ბეჭედი | ||
| 700 |
_aკალანდია, გენო _eავტორი _920638 |
||
| 942 |
_cBK _2udc |
||